German Leaders - Statistics

General Stats
  • This quiz has been taken 41 times
  • The average score is 7 of 12
Answer Stats
Picture Answer % Correct
Angela Merkel
100%
Olaf Scholz
81%
Friedrich Merz
78%
Helmut Kohl
75%
Willy Brandt
69%
Konrad Adenauer
67%
Gerhard Schröder
61%
Joseph Goebbels
58%
Helmut Schmidt
53%
Ludwig Erhard
44%
Kurt Georg Kiesinger
31%
Walter Scheel
6%
No matching quizzes found
Score Distribution
Percent of People with Each Score
Percentile by Number Answered
Your Score History
You have not taken this quiz